Veiled half-truths : Western travellers perceptions of Middle Eastern women
| Other Authors: | |
|---|---|
| Format: | Book |
| Subjects: |
MARC
| LEADER | 00000cam a2200000 7i4500 | ||
|---|---|---|---|
| 001 | 0000005210 | ||
| 002 | 000005632 | ||
| 005 | 20000330.0 | ||
| 020 | |a 1850430977 | ||
| 090 | 0 | 0 | |a 305.420956 |b VEI |
| 245 | 1 | 0 | |a Veiled half-truths : |b Western travellers perceptions of Middle Eastern women |c introduced by Judy Marbo |
| 300 | |a 275p. ; |c 23cm. | ||
| 651 | 0 | |a Middle East |x Role of woman | |
| 700 | 1 | |a Mabro, Judy | |
| 999 | |a 030414 |b BUKU |c PINJAMAN |e PERPUSTAKAAN KOMUNITI PETALING JAYA | ||